Gestión docente universitaria. Modelos comparados
Saved in:
| Corporate Authors: | , |
|---|---|
| Format: | Book |
| Language: | Spanish |
| Published: |
Santiago
CINDA
1997
|
| Series: | Colección Estudios e Informes
|
| Subjects: | |
| Tags: |
Add Tag
No Tags, Be the first to tag this record!
|
MARC
| LEADER | 00000nam a2200000 a 4500 | ||
|---|---|---|---|
| 001 | UCN1760 | ||
| 003 | CL-VaPUC | ||
| 008 | 010504e19970000CL |||||||||||||||||spa|d | ||
| 082 | 0 | 4 | |a 378.006 |b CEN |2 21 |
| 110 | 2 | |a Centro Interuniversitario de Desarrollo |e author |9 457074 | |
| 710 | 2 | |a CINDA |e author |9 457075 | |
| 245 | 1 | 0 | |a Gestión docente universitaria. Modelos comparados |
| 300 | |a v | ||
| 942 | |c BK | ||
| 945 | |d 20010504 00:00:00 |a vberengu | ||
| 260 | |a Santiago |b CINDA |c 1997 | ||
| 600 | 0 | 7 | |a UNIVERSIDAD AUTONOMA METROPOLITANA |2 CL-VaPUC |9 457076 |
| 600 | 0 | 7 | |a UNIVERSIDAD DE GENOVA |2 CL-VaPUC |9 457077 |
| 600 | 0 | |a Universidad Católica de Valparaíso |9 267924 | |
| 600 | 0 | 7 | |a UNIVERSIDAD DEL NORTE |2 CL-VaPUC |9 457078 |
| 600 | 0 | 7 | |a UNIVERSITAT POLITECNICA DE CATALUNYA |2 CL-VaPUC |9 457079 |
| 600 | 0 | 7 | |a UNIVERSIDAD DE PANAMA |2 CL-VaPUC |9 457080 |
| 600 | 0 | 7 | |a UNIVERSIDAD CATOLICA DEL PERU |2 CL-VaPUC |9 457081 |
| 600 | 0 | 7 | |a INSTITUTO SUPERIOR TECNOLOGICO DE PORTUGAL |2 CL-VaPUC |9 457082 |
| 650 | 0 | |a Gestión educacional |9 261035 | |
| 650 | 7 | |a DOCENCIA |2 CL-VaPUC |9 457083 | |
| 650 | 0 | |a Docencia universitaria |9 332645 | |
| 650 | 0 | |a Educación superior |9 223851 | |
| 650 | 0 | |a Docentes |9 311365 | |
| 650 | 0 | |a Gestión de la información |9 362327 | |
| 583 | |a last modification |c 20160907 03:48:46 |k Rodrigo Vera | ||
| 490 | 0 | |a Colección Estudios e Informes | |
| 999 | |c 294989 |d 294987 | ||
| 952 | |0 0 |1 0 |4 0 |6 378_006000000000000_CEN_1997 |7 0 |8 P |9 347786 |a BIBEDU |b BIBEDU |c BIBEDU_PB |d 2019-11-20 |h v.1 |i 3721043 |o 378.006 CEN 1997 |p 3721043 |r 2024-01-25 |w 2019-11-20 |y BK |k EPE | ||
| 952 | |0 0 |1 0 |4 0 |6 378_006000000000000_CEN_1997 |7 0 |8 P |9 347787 |a BIBEDU |b BIBEDU |c BIBEDU_PB |d 2019-11-20 |h v.2 |i 3721051 |o 378.006 CEN 1997 |p 3721051 |r 2024-01-25 |w 2019-11-20 |y BK |k EPE | ||
| 952 | |0 0 |1 0 |4 0 |6 378_006000000000000_CEN_1997 |7 0 |8 P |9 347788 |a BIBEDU |b BIBEDU |c BIBEDU_PB |d 2019-11-20 |h v.3 |i 372106K |o 378.006 CEN 1997 |p 372106K |r 2024-01-25 |w 2019-11-20 |y BK |k EPE | ||
| 952 | |0 0 |1 0 |4 0 |6 378_006000000000000_CEN_1997 |7 0 |8 ED_SUP |9 347789 |a BIBGIM |b BIBGIM |c S_PSTGRDO |d 2019-11-20 |h v.1 |i 4777409 |o 378.006 CEN 1997 |p 4777409 |r 2025-01-15 |w 2019-11-20 |y BK |k ESU | ||
| 952 | |0 0 |1 0 |4 0 |6 378_006000000000000_CEN_1997 |7 0 |8 ED_SUP |9 347790 |a BIBGIM |b BIBGIM |c S_PSTGRDO |d 2019-11-20 |h v.1 |i 4777417 |o 378.006 CEN 1997 |p 4777417 |r 2025-01-15 |w 2019-11-20 |y BK |k ESU | ||
| 952 | |0 0 |1 0 |4 0 |6 378_006000000000000_CEN_1997 |7 0 |8 ED_SUP |9 347791 |a BIBGIM |b BIBGIM |c S_PSTGRDO |d 2019-11-20 |h v.1 |i 4777077 |o 378.006 CEN 1997 |p 4777077 |r 2025-01-15 |w 2019-11-20 |y BK |k ESU | ||
| 952 | |0 0 |1 0 |4 0 |6 378_006000000000000_CEN_1997 |7 0 |8 ED_SUP |9 347792 |a BIBGIM |b BIBGIM |c S_PSTGRDO |d 2019-11-20 |h v.1 |i 4777158 |o 378.006 CEN 1997 |p 4777158 |r 2025-01-15 |w 2019-11-20 |y BK |k ESU | ||
| 952 | |0 0 |1 0 |4 0 |6 378_006000000000000_CEN_1997 |7 0 |8 ED_SUP |9 347793 |a BIBGIM |b BIBGIM |c S_PSTGRDO |d 2019-11-20 |h v.1 |i 4777166 |o 378.006 CEN 1997 |p 4777166 |r 2025-01-15 |w 2019-11-20 |y BK |k ESU | ||
| 952 | |0 0 |1 0 |4 0 |6 378_006000000000000_CEN_1997 |7 0 |8 ED_SUP |9 347794 |a BIBGIM |b BIBGIM |c S_PSTGRDO |d 2019-11-20 |h v.2 |i 4777425 |o 378.006 CEN 1997 |p 4777425 |r 2025-01-15 |w 2019-11-20 |y BK |k ESU | ||
| 952 | |0 0 |1 0 |4 0 |6 378_006000000000000_CEN_1997 |7 0 |8 ED_SUP |9 347795 |a BIBGIM |b BIBGIM |c S_PSTGRDO |d 2019-11-20 |h v.3 |i 4777433 |o 378.006 CEN 1997 |p 4777433 |r 2025-01-15 |w 2019-11-20 |y BK |k ESU | ||